Statistics for Airports from Above Quiz #1

Click here to take the quiz!

General Stats

  • This quiz has been taken 17 times
  • The average score is 7 of 20

Answer Stats

Answer% Correct
Charles de Gaulle Airport
67%
London City Airport
67%
Chicago O'Hare International Airport
60%
Sydney Airport
60%
Changi Airport
53%
Zurich Kloten International Airport
53%
Schiphol Airport
47%
Zayed International Airport
47%
Innsbruck Airport
33%
Mexico City International Airport
33%
Suvarnabhumi Airport
33%
Tan Son Nhat International Airport
27%
Narita International Airport
20%
O. R. Tambo International Airport
20%
Toulouse–Blagnac Airport
20%
Bole International Airport
13%
Mohammed V International Airport
13%
Montréal–Trudeau International Airport
13%
São Paulo–Congonhas Airport
13%
Ministro Pistarini International Airport
7%

Score Distribution

Percentile by Number Answered

Percent of People with Each Score

Your Score History

You have not taken this quiz